| Tag |
First Indicator |
Second Indicator |
Subfields |
| LEADER |
00000cam a2200000 4500 |
| 001 |
in00000049297 |
| 005 |
20151007065746.0 |
| 008 |
721108s1959 nyu 00000 eng u |
| 010 |
|
|
|a 59005300
|
| 035 |
|
|
|a (OCoLC)00490351
|
| 035 |
|
|
|9 AAE2619AM
|
| 040 |
|
|
|c WSU
|d TXA
|d UtOrBLW
|
| 049 |
|
|
|a TXAM
|c [310789]
|
| 050 |
|
0 |
|a GN24
|b .T48
|
| 092 |
|
|
|a 572
|b T618i, 1959
|
| 100 |
1 |
|
|a Titiev, Mischa,
|d 1901-1978.
|
| 245 |
1 |
0 |
|a Introduction to cultural anthropology.
|
| 264 |
|
1 |
|a New York :
|b Holt,
|c [1959]
|
| 300 |
|
|
|a 464 pages
|
| 336 |
|
|
|a text
|b txt
|2 rdacontent
|
| 337 |
|
|
|a unmediated
|b n
|2 rdamedia
|
| 338 |
|
|
|a volume
|b nc
|2 rdacarrier
|
| 650 |
|
0 |
|a Anthropology.
|
| 740 |
0 |
|
|a Cultural anthropology.
|
| 999 |
|
|
|a MARS
|
| 999 |
f |
f |
|s 5ecb829f-b6d1-3aa7-ba9f-fed6580cbd15
|i 43ccd913-3b6f-3acf-9960-fb94ca98ecf5
|t 0
|
| 952 |
f |
f |
|p ric
|a Texas A&M University
|b Rellis Campus
|c Joint Library Facility
|d Remote Storage
|t 0
|e GN24 .T48
|h Library of Congress classification
|i unmediated -- volume
|m A14800967704
|
| 998 |
f |
f |
|a GN24 .T48
|t 0
|l Remote Storage
|